[Event "Bodenmais Arber op 10th"]
[Site "Bodenmais"]
[Date "2023.08.10"]
[Round "6"]
[White "Kottmair, Toni"]
[Black "Jehnichen, Guenther"]
[Result "1-0"]
[WhiteElo "2148"]
[BlackElo "2016"]
[PlyCount "49"]
[EventDate "2023.08.05"]
[EventType "swiss"]
[EventRounds "9"]
[EventCountry "GER"]
[SourceTitle "EXT 2024"]
[Source "ChessBase"]
[SourceDate "2023.10.10"]
[SourceVersion "1"]
[SourceVersionDate "2023.10.10"]
[SourceQuality "1"]

1. e4 c6 2. d4 d5 3. exd5 cxd5 4. Bd3 Nf6 5. c3 Nc6 6. Bf4 g6 7. Nf3 Bg7 8. 0-0 0-0 9. Nbd2 Nh5 10. Be3 f5 11. Nb3 f4 12. Bd2 Qd6 13. h3 b6 14. Qe2 Bf5 15. Bxf5 Rxf5 16. Rfe1 Re8 17. Qe6+ Qxe6 18. Rxe6 Nd8 19. Re2 Nc6 20. Rae1 Bf6 21. Nc1 Ng7 22. Nd3 Kf7 23. Bxf4 g5 24. Bc1 h5 25. Nh2 1-0

[Event "Bodenmais op"]
[Site "Bodenmais"]
[Date "2022.08.01"]
[Round "3"]
[White "Kottmair, Toni"]
[Black "Ehmann, Thilo"]
[Result "0-1"]
[WhiteElo "2136"]
[BlackElo "2391"]
[PlyCount "74"]
[EventDate "2022.07.30"]
[EventType "swiss"]
[EventRounds "9"]
[EventCountry "GER"]
[SourceTitle "CBM 209 Extra"]
[Source "ChessBase"]
[SourceDate "2022.09.30"]
[SourceVersion "1"]
[SourceVersionDate "2022.09.30"]
[SourceQuality "1"]

1. Nf3 c5 2. g3 d6 3. b3 e5 4. d3 g6 5. Bb2 Bg7 6. c4 Ne7 7. Bg2 0-0 8. Nc3 Nbc6 9. 0-0 Be6 10. a3 h6 11. Ne1 d5 12. cxd5 Nxd5 13. Nxd5 Bxd5 14. Rc1 Qd6 15. Bxd5 Qxd5 16. Nf3 Nd4 17. Bxd4 exd4 18. Qc2 b6 19. Qc4 Qd7 20. b4 Rac8 21. b5 Rfe8 22. Rc2 Re7 23. Ra1 Rce8 24. Raa2 g5 25. a4 g4 26. Ne1 Bf6 27. a5 Qf5 28. axb6 axb6 29. f4 h5 30. Ng2 h4 31. Qb3 hxg3 32. hxg3 Qh5 33. Qb1 Qh3 34. Qf1 Qxg3 35. Ra6 c4 36. Qf2 Qxf2+ 37. Kxf2 c3 0-1

[Event "Arber op 8th"]
[Site "Bodenmais"]
[Date "2019.08.01"]
[Round "6"]
[White "Kottmair, Toni"]
[Black "Hausner, Ivan"]
[Result "0-1"]
[WhiteElo "2086"]
[BlackElo "2370"]
[PlyCount "88"]
[EventDate "2019.07.27"]
[EventType "swiss"]
[EventRounds "9"]
[EventCountry "GER"]
[SourceTitle "CBM 191 Extra"]
[Source "ChessBase"]
[SourceDate "2019.09.30"]
[SourceVersion "1"]
[SourceVersionDate "2019.09.30"]
[SourceQuality "1"]

1. e4 c5 2. Nf3 d6 3. d4 cxd4 4. Nxd4 Nf6 5. Nc3 Nc6 6. Bg5 e6 7. Qd2 a6 8. 0-0-0 Bd7 9. f4 Be7 10. Nxc6 Bxc6 11. Qe1 Qa5 12. Kb1 h6 13. Bxf6 Bxf6 14. Nd5 Qxe1 15. Nxf6+ gxf6 16. Rxe1 h5 17. Bd3 Ke7 18. Re2 Rag8 19. Rf1 h4 20. a3 Rg4 21. c4 Rhg8 22. Rff2 e5 23. f5 b5 24. cxb5 axb5 25. b4 Kd7 26. Kc1 Kc7 27. Rc2 Kb6 28. Rfe2 Rf4 29. Rc3 Rf1+ 30. Kb2 Rh1 31. Rec2 Bb7 32. Rc7 Rxh2 33. Rd7 Rgxg2 34. Rxd6+ Ka7 35. Rxg2 Rxg2+ 36. Kc3 Rg7 37. Bxb5 h3 38. Rd8 Rh7 39. Bf1 Bxe4 40. Rd7+ Kb8 41. Bxh3 Rxh3+ 42. Kb2 Rh7 43. Rd6 Bxf5 44. Rxf6 Be6 0-1

[Event "Arber op 8th"]
[Site "Bodenmais"]
[Date "2019.07.28"]
[Round "2"]
[White "Pap, Misa"]
[Black "Kottmair, Toni"]
[Result "1-0"]
[WhiteElo "2461"]
[BlackElo "2086"]
[PlyCount "87"]
[EventDate "2019.07.27"]
[EventType "swiss"]
[EventRounds "9"]
[EventCountry "GER"]
[SourceTitle "CBM 191 Extra"]
[Source "ChessBase"]
[SourceDate "2019.09.30"]
[SourceVersion "1"]
[SourceVersionDate "2019.09.30"]
[SourceQuality "1"]

1. e4 c5 2. Nf3 Nc6 3. c3 Nf6 4. e5 Nd5 5. d4 cxd4 6. Bc4 Nb6 7. Bb3 d5 8. exd6 Qxd6 9. 0-0 e6 10. cxd4 Be7 11. Nc3 0-0 12. Be3 Nd5 13. Ne4 Nxe3 14. fxe3 Qb4 15. Nfg5 Bxg5 16. Nxg5 h6 17. Ne4 Na5 18. Nf6+ Kh8 19. Bc2 Qb5 20. Nh7 Bd7 21. Nxf8 Rxf8 22. Qd3 f5 23. Qa3 Rc8 24. Bd3 Qb6 25. Rac1 Nc6 26. Rc5 Qd8 27. Be2 Qf6 28. b4 a6 29. Bf3 Rd8 30. Qc3 Be8 31. g3 Kh7 32. a3 Rd6 33. Kh1 Qd8 34. Qc2 Bg6 35. Qe2 e5 36. Bxc6 exd4 37. Bxb7 d3 38. Qd2 f4 39. exf4 Qe7 40. Bf3 Be4 41. Kg1 Qb7 42. Bxe4+ Qxe4 43. Re5 Qd4+ 44. Re3 1-0

[Event "Arber op 7th"]
[Site "Bodenmais"]
[Date "2018.07.28"]
[Round "1"]
[White "Desoye, Gernot"]
[Black "Kottmair, Toni"]
[Result "1/2-1/2"]
[WhiteElo "1767"]
[BlackElo "2126"]
[PlyCount "37"]
[EventDate "2018.07.28"]
[EventType "swiss"]
[EventRounds "9"]
[EventCountry "GER"]
[SourceTitle "CBM 185 Extra"]
[Source "ChessBase"]
[SourceDate "2018.07.29"]
[SourceVersion "1"]
[SourceVersionDate "2018.07.29"]
[SourceQuality "1"]

1. d4 Nf6 2. c4 e6 3. Nc3 Bb4 4. Bg5 h6 5. Bh4 c5 6. d5 Bxc3+ 7. bxc3 d6 8. f3 e5 9. e3 Bf5 10. Ne2 Nbd7 11. Qa4 0-0 12. e4 Bh7 13. Bxf6 Nxf6 14. Ng3 Ne8 15. Bd3 Qg5 16. Qc2 Nf6 17. Qd2 Qh4 18. Qf2 Bg6 19. Rb1 1/2-1/2

[Event "Arber op 6th"]
[Site "Bodenmais"]
[Date "2017.08.06"]
[Round "9"]
[White "Schaefer, Lutz"]
[Black "Kottmair, Toni"]
[Result "0-1"]
[WhiteElo "1963"]
[BlackElo "2176"]
[PlyCount "74"]
[EventDate "2017.07.29"]
[EventType "swiss"]
[EventRounds "9"]
[EventCountry "GER"]
[SourceTitle "EXT 2018"]
[Source "ChessBase"]
[SourceDate "2017.10.13"]
[SourceVersion "1"]
[SourceVersionDate "2017.10.13"]
[SourceQuality "1"]

1. c4 e6 2. g3 d5 3. Bg2 Nf6 4. Nf3 Be7 5. 0-0 0-0 6. b3 c5 7. Bb2 Nc6 8. e3 b6 9. d4 Ba6 10. Na3 Rc8 11. Ne5 cxd4 12. exd4 Nxe5 13. dxe5 Nd7 14. cxd5 Bxf1 15. Qxf1 Nxe5 16. Rd1 Bf6 17. dxe6 Qe7 18. exf7+ Nxf7 19. Bxf6 Qxf6 20. Nc4 Rcd8 21. Bd5 Kh8 22. Ne3 Rd7 23. a4 Rfd8 24. Qe2 Nh6 25. Qh5 Re7 26. Nc4 Qf5 27. Bf3 Rxd1+ 28. Bxd1 Re1+ 29. Kg2 Qxh5 30. Bxh5 Rb1 31. Be8 Rxb3 32. Nd6 Rd3 33. Nb5 a6 34. Nc7 Rd8 35. a5 bxa5 36. Ba4 Rd4 37. Bb3 a4 0-1

[Event "Arber op 4th"]
[Site "Bayerisch Eisenstein"]
[Date "2015.08.02"]
[Round "2"]
[White "Pap, Misa"]
[Black "Kottmair, Toni"]
[Result "1-0"]
[WhiteElo "2488"]
[BlackElo "2215"]
[PlyCount "77"]
[EventDate "2015.08.01"]
[EventType "swiss"]
[EventRounds "9"]
[EventCountry "GER"]
[SourceTitle "EXT 2016"]
[Source "ChessBase"]
[SourceDate "2015.10.08"]
[SourceVersion "1"]
[SourceVersionDate "2015.10.08"]
[SourceQuality "1"]

1. e4 e5 2. Nf3 Nf6 3. Nxe5 d6 4. Nf3 Nxe4 5. d4 d5 6. Bd3 Be7 7. 0-0 0-0 8. c4 Nf6 9. Nc3 Nc6 10. cxd5 Nb4 11. Bb1 Bg4 12. a3 Nbxd5 13. Qd3 g6 14. Bh6 Re8 15. Ba2 c6 16. Rfe1 Bd6 17. Rxe8+ Qxe8 18. Re1 Qc8 19. Nxd5 Nxd5 20. Bxd5 cxd5 21. Ne5 Be6 22. Bg5 Qe8 23. Ng4 Qf8 24. Nf6+ Kh8 25. Qf3 h6 26. Bf4 Rc8 27. h4 Rc6 28. g4 Kg7 29. Bxd6 Rxd6 30. Qf4 Qd8 31. Ne8+ Qxe8 32. Qxd6 Qb8 33. Rxe6 fxe6 34. Qe7+ Kg8 35. Qxe6+ Kg7 36. Qe7+ Kg8 37. Qe6+ Kg7 38. Qe5+ Kf7 39. b4 1-0

[Event "Arber op 3rd"]
[Site "Bayerisch Eisenstein"]
[Date "2014.08.21"]
[Round "6"]
[White "Schleich, Theodor"]
[Black "Kottmair, Toni"]
[Result "1-0"]
[WhiteElo "2035"]
[BlackElo "2259"]
[PlyCount "77"]
[EventDate "2014.08.16"]
[EventType "swiss"]
[EventRounds "9"]
[EventCountry "GER"]
[SourceTitle "CBM 161 Extra"]
[Source "ChessBase"]
[SourceDate "2014.08.29"]
[SourceVersion "1"]
[SourceVersionDate "2014.08.29"]
[SourceQuality "1"]

1. d4 Nf6 2. Bg5 Ne4 3. Bf4 d5 4. e3 c6 5. Bd3 Nd7 6. Bxe4 dxe4 7. Nd2 Nf6 8. Ne2 Bg4 9. h3 Bh5 10. g4 Bg6 11. Ng3 h5 12. g5 h4 13. gxf6 hxg3 14. fxg3 exf6 15. Qe2 Qa5 16. a3 Bf5 17. 0-0-0 g5 18. Nc4 Qd5 19. Bc7 Be6 20. Nd2 b6 21. g4 b5 22. Ba5 Be7 23. Nb1 Qd7 24. Nc3 Bd5 25. Kb1 Rb8 26. Bb4 Bd8 27. Rde1 a5 28. Bc5 Rh4 29. Nxd5 cxd5 30. b3 f5 31. gxf5 Qxf5 32. Ref1 Qe6 33. Qf2 Rb7 34. Qf5 Rh6 35. Qxe6+ Rxe6 36. Rf5 Rd7 37. h4 gxh4 38. Rg1 Red6 39. Re5+ 1-0

[Event "Balatonlelle op"]
[Site "Balatonlelle"]
[Date "2004.07.23"]
[Round "5"]
[White "Szalanczy, Emil"]
[Black "Kottmair, Toni"]
[Result "1/2-1/2"]
[WhiteElo "2380"]
[BlackElo "2243"]
[PlyCount "120"]
[EventDate "2004.07.19"]
[EventType "swiss"]
[EventRounds "9"]
[EventCountry "HUN"]
[SourceTitle "CBM 101 Extra"]
[Source "ChessBase"]
[SourceDate "2004.09.01"]
[SourceVersion "2"]
[SourceVersionDate "2004.09.01"]
[SourceQuality "1"]

1. e4 e5 2. Nf3 Nf6 3. Nxe5 d6 4. Nf3 Nxe4 5. d4 d5 6. Bd3 Be7 7. 0-0 Nc6 8. c4 Nf6 9. Nc3 Nb4 10. Be2 dxc4 11. Bxc4 0-0 12. Bg5 Bg4 13. Re1 c6 14. Qe2 Re8 15. Bxf7+ Kxf7 16. Ne5+ Kf8 17. Nxg4 Qxd4 18. h3 Qd3 19. Ne5 Qxe2 20. Rxe2 Rad8 21. Rae1 Nd3 22. Nxd3 Rxd3 23. Bxf6 gxf6 24. g3 Rdd8 25. Kg2 Bb4 26. Rxe8+ Rxe8 27. Rxe8+ Kxe8 28. Ne4 Kf7 29. g4 Ke6 30. f4 Be7 31. Kf3 b5 32. Ke3 Bd8 33. b3 Bb6+ 34. Kd3 Bc7 35. Ke3 Bb6+ 36. Kf3 Bd8 37. h4 f5 38. gxf5+ Kxf5 39. h5 Bh4 40. Nc3 Be1 41. Ne4 Bh4 42. Nd2 Bd8 43. Nf1 Bb6 44. Ng3+ Ke6 45. Ke4 Bf2 46. Ne2 Kf6 47. Nc1 Ke6 48. Nd3 Bh4 49. Ne5 c5 50. Nf3 Bf6 51. Ng5+ Bxg5 52. fxg5 a6 53. Kf4 a5 54. Ke4 a4 55. bxa4 bxa4 56. a3 c4 57. Kd4 Kf5 58. g6 hxg6 59. hxg6 Kxg6 60. Kxc4 Kf7 1/2-1/2

[Event "Bayern-chB 70th"]
[Site "Fuerth"]
[Date "1999.??.??"]
[Round "?"]
[White "Mueller, Michael"]
[Black "Kottmair, Toni"]
[Result "1/2-1/2"]
[WhiteElo "2281"]
[BlackElo "2250"]
[PlyCount "57"]
[EventDate "1999.09.04"]
[EventType "swiss"]
[EventRounds "9"]
[EventCountry "GER"]
[SourceTitle "EXT 2001"]
[Source "ChessBase"]
[SourceDate "2000.11.22"]
[SourceVersion "1"]
[SourceVersionDate "2000.11.22"]
[SourceQuality "1"]

1. Nf3 Nf6 2. g3 d5 3. Bg2 c5 4. 0-0 Nc6 5. d3 g6 6. Nbd2 Bg7 7. e4 0-0 8. c3 e5 9. Re1 Re8 10. a3 d4 11. cxd4 Nxd4 12. Nxd4 Qxd4 13. Nc4 Ng4 14. Qe2 Bh6 15. Bxh6 Nxh6 16. Qe3 Qxe3 17. fxe3 f6 18. b4 cxb4 19. axb4 Be6 20. Na5 Red8 21. Nxb7 Rxd3 22. Nc5 Rd6 23. Nxe6 Rxe6 24. Bf1 Re7 25. b5 Rc8 26. Ra6 Kg7 27. Rea1 Rcc7 28. Rc6 Nf7 29. Raa6 1/2-1/2

[Event "Bayern-chB 69th"]
[Site "Kaufbeuren"]
[Date "1998.09.04"]
[Round "7"]
[White "Kottmair, Toni"]
[Black "Hofstetter, Hans Joachim"]
[Result "0-1"]
[WhiteElo "2250"]
[BlackElo "2255"]
[PlyCount "114"]
[EventDate "1998.08.29"]
[EventType "swiss"]
[EventRounds "9"]
[EventCountry "GER"]
[SourceTitle "EXT 2001"]
[Source "ChessBase"]
[SourceDate "2000.11.22"]
[SourceVersion "1"]
[SourceVersionDate "2000.11.22"]
[SourceQuality "1"]

1. d4 Nf6 2. c4 e6 3. Nc3 Bb4 4. e3 c5 5. Bd3 0-0 6. Nge2 d5 7. a3 cxd4 8. exd4 Be7 9. 0-0 Nc6 10. Be3 dxc4 11. Bxc4 Bd6 12. Ng3 Ne7 13. Nce4 Nxe4 14. Nxe4 Bxh2+ 15. Kh1 Bc7 16. Qh5 Ng6 17. Rac1 Nf4 18. Qg5 Qxg5 19. Nxg5 Bb8 20. Nf3 Nd5 21. Bxd5 exd5 22. Bd2 Re8 23. Rfe1 Be6 24. g3 Bd6 25. Bb4 Bxb4 26. axb4 Rac8 27. Rc5 b6 28. Rc3 Rxc3 29. bxc3 Rc8 30. Rc1 f6 31. Kg2 Kf7 32. Kf1 Re8 33. Kg2 Re7 34. Ra1 Bf5 35. Nh2 Be4+ 36. f3 Bd3 37. Ng4 Re2+ 38. Nf2 a6 39. f4 Bc4 40. Kf3 Rc2 41. Ra3 Ke6 42. g4 g6 43. Kg3 h5 44. gxh5 gxh5 45. Nd1 Ra2 46. f5+ Kd6 47. Rxa2 Bxa2 48. Kh4 Bb1 49. Nb2 Bxf5 50. Kxh5 Bc2 51. Kg4 a5 52. bxa5 bxa5 53. c4 Ke6 54. Kf4 Bb3 55. cxd5+ Kxd5 56. Ke3 a4 57. Nd3 a3 0-1

[Event "Bayern-chB 69th"]
[Site "Kaufbeuren"]
[Date "1998.08.30"]
[Round "2"]
[White "Drexel, Michael"]
[Black "Kottmair, Toni"]
[Result "1/2-1/2"]
[WhiteElo "2155"]
[BlackElo "2250"]
[PlyCount "83"]
[EventDate "1998.08.29"]
[EventType "swiss"]
[EventRounds "9"]
[EventCountry "GER"]
[SourceTitle "EXT 2001"]
[Source "ChessBase"]
[SourceDate "2000.11.22"]
[SourceVersion "1"]
[SourceVersionDate "2000.11.22"]
[SourceQuality "1"]

1. Nf3 Nf6 2. c4 e6 3. Nc3 d5 4. cxd5 exd5 5. d4 c6 6. Qc2 g6 7. Bg5 Bg7 8. e3 Bf5 9. Bd3 Bxd3 10. Qxd3 Nbd7 11. 0-0 Qb6 12. b4 a6 13. a4 0-0 14. Rab1 Rfe8 15. b5 cxb5 16. axb5 a5 17. Na4 Qe6 18. Bxf6 Nxf6 19. b6 Bf8 20. Nc5 Bxc5 21. dxc5 Rec8 22. Nd4 Qd7 23. c6 Rxc6 24. Nxc6 bxc6 25. b7 Rb8 26. Qa6 Qc7 27. Qb6 Qd6 28. Rfc1 Ng4 29. f4 Qe7 30. Rxc6 Rxb7 31. Rc8+ Kg7 32. Qd4+ Kh6 33. Rxb7 Qxb7 34. Rc1 Qb3 35. Qc3 Qa2 36. Qe1 Qa3 37. Ra1 Qe7 38. Rxa5 Nxe3 39. Ra2 Qe4 40. Rf2 d4 41. Rf3 Kg7 42. h3 1/2-1/2

[Event "Bayern-chA 68th"]
[Site "Pfarrkirchen"]
[Date "1997.??.??"]
[Round "5"]
[White "Kottmair, Toni"]
[Black "Eizenhammer, Peter"]
[Result "1/2-1/2"]
[WhiteElo "2270"]
[BlackElo "2110"]
[PlyCount "30"]
[EventDate "1997.08.02"]
[EventType "swiss"]
[EventRounds "9"]
[EventCountry "GER"]
[SourceTitle "EXT 2001"]
[Source "ChessBase"]
[SourceDate "2000.11.22"]
[SourceVersion "1"]
[SourceVersionDate "2000.11.22"]
[SourceQuality "1"]

1. e4 c5 2. Nc3 e6 3. Nf3 a6 4. d4 cxd4 5. Nxd4 d6 6. Be3 Nf6 7. Qd2 b5 8. f3 Qc7 9. g4 h6 10. Bd3 Nbd7 11. 0-0-0 Bb7 12. Rhe1 Rc8 13. Kb1 Ne5 14. h4 Nfd7 15. Qf2 Nc5 1/2-1/2

[Event "Bayern-chA 67th"]
[Site "Uttenreuth"]
[Date "1996.??.??"]
[Round "?"]
[White "Thanner, Hans Peter"]
[Black "Kottmair, Toni"]
[Result "0-1"]
[WhiteElo "2145"]
[BlackElo "2250"]
[PlyCount "122"]
[EventDate "1996.08.03"]
[EventType "swiss"]
[EventRounds "9"]
[EventCountry "GER"]
[SourceTitle "EXT 2001"]
[Source "ChessBase"]
[SourceDate "2000.11.22"]
[SourceVersion "1"]
[SourceVersionDate "2000.11.22"]
[SourceQuality "1"]

1. e4 c6 2. d4 d5 3. e5 Bf5 4. h4 h5 5. Ne2 g6 6. Ng3 Nh6 7. Bxh6 Bxh6 8. Nxf5 gxf5 9. c3 Qb6 10. Qb3 Bc1 11. Qxb6 axb6 12. a3 Bxb2 13. Ra2 Bc1 14. Be2 b5 15. Kd1 Bh6 16. Bxh5 e6 17. Be2 Rg8 18. g4 fxg4 19. Rg1 Nd7 20. Rxg4 Rxg4 21. Bxg4 Nb6 22. Kc2 Nc4 23. Kb3 Ra4 24. Be2 Ke7 25. Rc2 Ra8 26. Ra2 Ra4 27. Rc2 f6 28. exf6+ Kxf6 29. Bxc4 dxc4+ 30. Kb2 Ra8 31. f4 Kf5 32. Rg2 Bxf4 33. Nd2 Bxd2 34. Rxd2 Rh8 35. Rh2 Rh6 36. h5 Kg4 37. Rg2+ Kxh5 38. Rg7 Rg6 39. Rxb7 Rg2+ 40. Kb1 Kg4 41. Rb6 Kf4 42. Rxc6 Ke4 43. Rxe6+ Kd3 44. Re5 b4 45. cxb4 Rg1+ 46. Ka2 c3 47. Kb3 c2 48. Rc5 c1Q 49. Rxc1 Rxc1 50. Ka4 Kc4 51. Ka5 Rd1 52. b5 Rxd4 53. b6 Kc5 54. b7 Rd8 55. a4 Kc6 56. Ka6 Rb8 57. a5 Kc7 58. Ka7 Rxb7+ 59. Ka6 Rb1 60. Ka7 Rb5 61. Ka6 Kc6 0-1